Graduate Record Examination Biology: Advanced Test (Record no. 182)
[ view plain ]
| 000 -LEADER | |
|---|---|
| fixed length control field | 00394nam a2200133 4500 |
| 005 - DATE AND TIME OF LATEST TRANSACTION | |
| control field | 20260227102238.0 |
| 008 - FIXED-LENGTH DATA ELEMENTS--GENERAL INFORMATION | |
| fixed length control field | 260227b |||||||| |||| 00| 0 eng d |
| 020 ## - INTERNATIONAL STANDARD BOOK NUMBER | |
| International Standard Book Number | 0668043105 |
| 100 ## - MAIN ENTRY--PERSONAL NAME | |
| Personal name | Miller I. Arnold |
| 245 ## - TITLE STATEMENT | |
| Title | Graduate Record Examination Biology: Advanced Test |
| Statement of responsibility, etc. | /Arnold I. Miller |
| 260 ## - PUBLICATION, DISTRIBUTION, ETC. | |
| Place of publication, distribution, etc. | New York; |
| Name of publisher, distributor, etc. | Arco Publishing,Inc; |
| Date of publication, distribution, etc. | 1967 |
| 300 ## - PHYSICAL DESCRIPTION | |
| Extent | 140p,ill; |
| Dimensions | 25.9cm |
| 942 ## - ADDED ENTRY ELEMENTS (KOHA) | |
| Source of classification or shelving scheme | Library of Congress Classification |
| Suppress in OPAC | No |
| Koha item type | Books |
No items available.
